[Event "Dubai op 7th"]
[Site "Dubai"]
[Date "2005.04.04"]
[Round "1"]
[White "Patwardhan, Omkar"]
[Black "Kunte, Abhijit"]
[Result "0-1"]
[WhiteElo "2230"]
[BlackElo "2561"]
[PlyCount "98"]
[EventDate "2005.04.04"]
[EventType "swiss"]
[EventRounds "9"]
[EventCountry "UAE"]
[SourceTitle "CBM 105 Extra"]
[Source "ChessBase"]
[SourceDate "2005.05.01"]
[SourceVersion "1"]
[SourceVersionDate "2005.05.01"]
[SourceQuality "1"]

1. d4 Nf6 2. c4 c5 3. d5 b5 4. cxb5 a6 5. b6 a5 6. Nc3 Ba6 7. e4 Bxf1 8. Kxf1 d6 9. Qa4+ Nfd7 10. f4 g6 11. e5 dxe5 12. fxe5 Bg7 13. Nf3 0-0 14. Qe4 Qxb6 15. g3 Na6 16. Kg2 c4 17. Re1 Nb4 18. Re2 Qb7 19. Qxc4 Rac8 20. Qg4 Nxd5 21. Qe4 e6 22. Bg5 N7b6 23. Nxd5 Nxd5 24. Bf6 Bxf6 25. exf6 Qa6 26. Rf2 Nxf6 27. Qd4 Nd5 28. Ne5 Qb6 29. Qxb6 Nxb6 30. Rd1 Nd5 31. Kg1 Rc7 32. Rdf1 Kg7 33. Re1 Rfc8 34. Rfe2 f6 35. Ng4 Rc6 36. h4 R8c7 37. Nh2 e5 38. Rd2 Ne3 39. Ree2 Nf5 40. Kg2 Nd4 41. Rf2 Nc2 42. Nf1 Ne1+ 43. Kg1 e4 44. Rd8 f5 45. Ne3 Nf3+ 46. Kg2 Rb7 47. Rd5 a4 48. Ra5 Ne1+ 49. Kh2 Nd3 0-1

[Event "Wch U20 43rd"]
[Site "Cochin"]
[Date "2004.11.23"]
[Round "7"]
[White "Phadke, Sohan"]
[Black "Patwardhan, Omkar"]
[Result "1/2-1/2"]
[WhiteElo "2125"]
[BlackElo "2212"]
[PlyCount "56"]
[EventDate "2004.11.20"]
[EventType "swiss"]
[EventRounds "13"]
[EventCountry "IND"]
[SourceTitle "CBM 103 Extra"]
[Source "ChessBase"]
[SourceDate "2005.01.01"]
[SourceVersion "1"]
[SourceVersionDate "2005.01.01"]
[SourceQuality "1"]

1. e4 c5 2. Nf3 Nc6 3. Nc3 e5 4. Bc4 Be7 5. d3 Nf6 6. Nd2 d6 7. Nf1 0-0 8. Ne3 Nd4 9. 0-0 Rb8 10. a4 a6 11. a5 Be6 12. Ncd5 Nxd5 13. Nxd5 Bg5 14. Be3 Kh8 15. Qh5 Bxd5 16. Bxg5 f6 17. Bxd5 fxg5 18. c3 Nc6 19. Rfe1 g6 20. Qg4 h5 21. Qg3 Rf4 22. Qe3 Qf6 23. Rf1 Ne7 24. Bc4 Kg7 25. Rab1 Nc6 26. Bd5 Ne7 27. Bc4 Nc6 28. Bd5 Ne7 1/2-1/2

[Event "Wch U20 43rd"]
[Site "Cochin"]
[Date "2004.11.21"]
[Round "3"]
[White "Patwardhan, Omkar"]
[Black "Sengupta, Deep"]
[Result "1/2-1/2"]
[WhiteElo "2212"]
[BlackElo "2359"]
[PlyCount "47"]
[EventDate "2004.11.20"]
[EventType "swiss"]
[EventRounds "13"]
[EventCountry "IND"]
[SourceTitle "CBM 103 Extra"]
[Source "ChessBase"]
[SourceDate "2005.01.01"]
[SourceVersion "1"]
[SourceVersionDate "2005.01.01"]
[SourceQuality "1"]

1. d4 e6 2. Nf3 b6 3. e4 Bb7 4. Bd3 d6 5. 0-0 Nd7 6. c4 g6 7. Bg5 Ne7 8. Qd2 h6 9. Be3 Bg7 10. Nc3 a6 11. Rfd1 g5 12. Rac1 0-0 13. h4 g4 14. Nh2 h5 15. Ne2 e5 16. d5 Ng6 17. Ng3 Nf4 18. Nf5 Re8 19. Bb1 Bc8 20. Bxf4 exf4 21. Qxf4 Ne5 22. g3 Qf6 23. Nxg7 Qxg7 24. Rd2 1/2-1/2

[Event "Commonwealth-ch"]
[Site "Mumbai"]
[Date "2003.04.23"]
[Round "6"]
[White "Patwardhan, Omkar"]
[Black "Amit Kumar, Medda"]
[Result "1/2-1/2"]
[WhiteElo "2126"]
[BlackElo "2271"]
[PlyCount "114"]
[EventDate "2003.04.20"]
[EventType "swiss"]
[EventRounds "10"]
[EventCountry "IND"]
[SourceTitle "CBM 093 Extra"]
[Source "ChessBase"]
[SourceDate "2003.05.09"]
[SourceVersion "1"]
[SourceVersionDate "2003.05.09"]
[SourceQuality "1"]

1. d4 d5 2. c4 e6 3. Nc3 c5 4. cxd5 exd5 5. Nf3 Nc6 6. e3 Nf6 7. Be2 Be7 8. dxc5 Bxc5 9. 0-0 0-0 10. a3 a6 11. b4 Bd6 12. Bb2 Bg4 13. Kh1 Bc7 14. Ng1 Qd6 15. g3 Bxe2 16. Ngxe2 Rad8 17. Nd4 Ne5 18. Qb3 Nc4 19. Rad1 Qd7 20. Kg2 Rfe8 21. Nf3 Qe6 22. Ne2 Ng4 23. Bc1 Bb6 24. Nf4 Qc6 25. Nd4 Qd7 26. Nf3 Qc6 27. Nd4 Qc8 28. Qd3 g6 29. h3 Nge5 30. Qb1 Nc6 31. Qb3 Qd7 32. Bb2 Qe7 33. Qc2 Nxb2 34. Qxb2 Qe4+ 35. Kg1 Ne5 36. Ng2 Bxd4 37. exd4 Nf3+ 38. Kh1 Qf5 39. g4 Qe4 40. Qb1 Nxd4 41. Qxe4 dxe4 42. Rc1 Nc6 43. Ne3 Rd3 44. a4 Nxb4 45. Rc7 b5 46. axb5 axb5 47. Rb7 Nd5 48. Nxd5 Rxd5 49. Re1 Re6 50. Kg1 Kg7 51. Re3 Kf6 52. Rb3 Ree5 53. Kg2 h5 54. f4 exf3+ 55. Rxf3+ Kg5 56. gxh5 Re1 57. Kg3 f5 1/2-1/2

[Event "Commonwealth-ch"]
[Site "Mumbai"]
[Date "2003.04.21"]
[Round "3"]
[White "Patwardhan, Omkar"]
[Black "Gupta, Abhijeet"]
[Result "0-1"]
[WhiteElo "2126"]
[BlackElo "2335"]
[PlyCount "106"]
[EventDate "2003.04.20"]
[EventType "swiss"]
[EventRounds "10"]
[EventCountry "IND"]
[SourceTitle "CBM 093 Extra"]
[Source "ChessBase"]
[SourceDate "2003.05.09"]
[SourceVersion "1"]
[SourceVersionDate "2003.05.09"]
[SourceQuality "1"]

1. d4 d5 2. c4 c6 3. Nf3 Nf6 4. e3 Bg4 5. cxd5 cxd5 6. Qa4+ Nbd7 7. Ne5 Bf5 8. Nc3 e6 9. Be2 a6 10. f4 Bd6 11. 0-0 0-0 12. Qd1 b5 13. a3 Ne4 14. Nxe4 Bxe4 15. Bd3 Nb6 16. b3 Rc8 17. Bb2 Qe7 18. Qd2 f6 19. Ng4 Rc6 20. Nf2 f5 21. Rfc1 Rxc1+ 22. Qxc1 Rc8 23. Qd2 Rc6 24. Rc1 Qd7 25. Rxc6 Qxc6 26. Qc1 Qxc1+ 27. Bxc1 Bxd3 28. Nxd3 a5 29. Kf2 a4 30. b4 Nc4 31. Kf3 Kf7 32. h3 Kf6 33. Nf2 h6 34. Nd1 Be7 35. Nc3 Nd6 36. g4 fxg4+ 37. hxg4 g6 38. e4 dxe4+ 39. Nxe4+ Nxe4 40. Kxe4 h5 41. g5+ Kf7 42. Ke5 h4 43. Ke4 Ke8 44. Kf3 Kd7 45. Kg4 Kd6 46. Kxh4 Kd5 47. Bb2 Ke4 48. Kg4 Bd6 49. Bc1 Kxd4 50. Kf3 Kd3 51. Be3 Kc3 52. Ke4 Kb2 53. Bc5 Bc7 0-1